LDR 00730naa#a2200169#i#450# 001 EN\\bibl\126147 005 20260704171925.6 011 ## _a0320-3557 100 ## _a20260320b2026####ek#y0engy0150####ca 102 ## _aRU 200 1# _aTHE ROLE OF METHYLAMINES IN MAINTENANCE OF THE OSMOTIC HOMEOSTASIS OF CYCLOSTOMES AND BONY FISHES _eJournal article 210 1# _aBorok _cPapanin Institute for Biology of Inland Waters Russian Academy of Sciences _d2026 215 ## _a17 с. 608 ## _aJournal article _2local 675 ## _aPisces. Рыбы. 597 _aГалогенпроизводные и нитропроизводные аминов. 547.416 _aТеоретическая биология. 573.2 _z 700 #1 _aFilippova _gA. E. 856 4# _aibiw.editorum.ru _u